Statistics for Former Arab League Members

Click here to take the quiz!

General Stats

  • This quiz has been taken 14 times
  • The average score is 5 of 6

Answer Stats

Members% Correct
Egypt
92%
Syria
92%
Iraq
83%
Saudi Arabia
83%
Yemen
75%
Jordan
67%

Score Distribution

Percentile by Number Answered

Percent of People with Each Score

Your Score History

You have not taken this quiz